Pozemkový fond České republiky.

Pozemkový fond ČR bol zriadený zákonom ČNR č. 569/1991 Zb., o Pozemkovom fonde ČR. Činnosť a riadenie Pozemkového fondu. Uspokojovanie reštitučných náhrad.

Gespeichert in:
Bibliographische Detailangaben
1. Verfasser: Rylichová, M.
Format: Buchkapitel
Sprache:Tschechisch
Schlagworte:
Tags: Tag hinzufügen
Keine Tags, Fügen Sie das erste Tag hinzu!

MARC

LEADER 00000naa a2200000 4500
001 r013068
005 20221213090039.2
041 0 |a cze 
044 |a SK 
245 1 0 |a Pozemkový fond České republiky.  |c M. Rylichová 
520 |a Pozemkový fond ČR bol zriadený zákonom ČNR č. 569/1991 Zb., o Pozemkovom fonde ČR. Činnosť a riadenie Pozemkového fondu. Uspokojovanie reštitučných náhrad. 
610 2 0 |a poľnohospodárstvo 
610 2 0 |a organizácia 
610 2 0 |a Čechy 
610 2 0 |a zákony 
610 2 0 |a 1991 
610 2 0 |a reštitúcia 
610 2 0 |a podnik 
100 1 |a Rylichová, M.